书目信息 |
| 题名: |
管理研究方法
|
|
| 作者: | 刘军 主编 | |
| 分册: | ||
| 出版信息: | 北京 中国人民大学出版社 2008 |
|
| 页数: | 358页 | |
| 开本: | 23cm | |
| 丛书名: | ||
| 单 册: | ||
| 中图分类: | C93-03 | |
| 科图分类: | ||
| 主题词: | 管理学--研究方法--研究生--教材 , 管理学 | |
| 电子资源: | ||
| ISBN: | 978-7-300-09159-4 | |
| 000 | 00775nam0 22002531 450 | |
| 001 | 012015000688 | |
| 005 | 20150914145522.07 | |
| 010 | @a978-7-300-09159-4@dCNY39.00 | |
| 100 | @a20080723d2008 em y0chiy50 ea | |
| 101 | 0 | @achi |
| 102 | @aCN@b110000 | |
| 105 | @ay z 000yy | |
| 106 | @ar | |
| 200 | 1 | @a管理研究方法@Aguan li yan jiu fang fa@e原理与应用@f刘军主编 |
| 210 | @a北京@c中国人民大学出版社@d2008 | |
| 215 | @a358页@d23cm | |
| 300 | @a高等院校研究生用书 | |
| 330 | @a本书旨在引导读者学习那些支撑高水平管理研究的思维策略、操作方法和数据分析技巧等。 | |
| 606 | 0 | @a管理学@x研究方法@x研究生@j教材 |
| 606 | 0 | @a管理学 |
| 690 | @aC93-03@v5 | |
| 701 | 0 | @a刘军@Aliu jun@c(管理学)@4主编 |
| 801 | 0 | @aCN@b碧洲教育@c20150718 |
| 905 | @a10447@f4@dC93-03@e521 | |
| 管理研究方法:原理与应用/刘军主编.-北京:中国人民大学出版社,2008 |
| 358页;23cm |
| 高等院校研究生用书 |
| ISBN 978-7-300-09159-4:CNY39.00 |
| 本书旨在引导读者学习那些支撑高水平管理研究的思维策略、操作方法和数据分析技巧等。 |
| ● |
| 相关链接 |
|
|
|
|
正题名:管理研究方法
索取号:C93-03/521
 
预约/预借
| 序号 | 登录号 | 条形码 | 馆藏地/架位号 | 状态 | 备注 |
| 1 | 0848428 | 208484282 | 第一样本阅览室/ [索取号:C93-03/521] | 在馆 | |
| 2 | 0848429 | 208484291 | 第一借阅区/ [索取号:C93-03/521] | 在馆 | |
| 3 | 0848430 | 208484308 | 第一借阅区/ [索取号:C93-03/521] | 在馆 | |
| 4 | 0848431 | 208484317 | 第一借阅区/ [索取号:C93-03/521] | 在馆 |